Dirty Work (The Movie) Quiz Stats

Quiz not verified by Sporcle

Also try: Movie Addition
Challenge
Share
Tweet
Embed
Score 0/8 Timer 05:00
0 Plays Today
Note to Self Answer % Correct
Note to Selflearn to fight
65%
Note to SelfI don't want to live
65%
Note to SelfRemember, aunt jenny is your aunt
50%
Note to SelfSam just looked at the screen
40%
Note to SelfMaking love to blow-up doll is not as good as advertised
30%
Note to SelfForget about fathering children
27.8%
Note to SelfRemember to get ass wart cream for giant wart on my ass
20%
Note to SelfNo matter how hard life gets, there is always beer
10%

You're not logged in!

Compare scores with friends on all Sporcle quizzes.
Sign Up with Email
OR
Log In

You Might Also Like...

Show Comments

Extras

Top Quizzes Today


Score Distribution

Your Account Isn't Verified!

In order to create a playlist on Sporcle, you need to verify the email address you used during registration. Go to your Sporcle Settings to finish the process.